| 000 | 00816nam a22002537a 4500 | ||
|---|---|---|---|
| 003 | dpl | ||
| 005 | 20180701141300.0 | ||
| 008 | 180522b xxu||||| |||| 00| 0 eng d | ||
| 010 | _aB-217638 | ||
| 020 |
_c925.00 _a8188583723003 |
||
| 035 | _aB-217638, B-217643, B-217639 | ||
| 037 | _bCen Lib/Ret | ||
| 040 |
_aDPL _bEN _c0 |
||
| 082 |
_a954.31 _bBEA |
||
| 245 |
_aThe beautiful India Tamil Nadu / _cedited by S.A. Rahman |
||
| 260 |
_aNew Delhi _bReference Press _c2005 |
||
| 270 |
_a4831/24, Ansari Road Darya Ganj _bNew Delhi _e110002 |
||
| 300 |
_a418p. _c21cm(Hb) |
||
| 500 | _aIncludes bibliographical reference | ||
| 650 |
_aHindu architecture _yIndia _941360 |
||
| 650 |
_aEconomic and Social aspects _941361 |
||
| 700 |
_932298 _aRahman, S.A. |
||
| 942 |
_2ddc _cEN _h954.31 _mBEA |
||
| 999 |
_c134669 _d134669 |
||